10 Paesi più aridi al mondo - Statistics

Statistiche generali
  • Questo quiz è stato fatto 44 volte
  • Il punteggio medio è 9 su 10
Statistiche sulle risposte
Continente Paese % Corretto
Medio Oriente Arabia Saudita
97%
Africa Egitto
97%
Africa Algeria
95%
Medio Oriente Emirati Arabi Uniti
95%
Medio Oriente Qatar
92%
Africa Libia
90%
Medio Oriente Giordania
87%
Medio Oriente Kuwait
79%
Africa Mauritania
79%
Medio Oriente Bahrein
77%
Nessun quiz corrispondente trovato
Distribuzione punteggi
Percentuale di utenti per punteggio
Percentile per numero di risposta
I tuoi punteggi nel tempo
Non hai fatto questo quiz